Personnages de Miraculous aléatoires par images - Statistiques

Statistiques générales
  • Ce quiz a été pris 1 328 fois
  • Le résultat moyen est 14 sur 20
Statistiques - réponses
Par images Réponse % Correct
Marinette Dupain-Cheng
96%
Adrien Agreste
95%
Chloé Bourgeois
92%
Nino Lahiffe
89%
Tikki
89%
Gabriel Agreste
87%
Plagg
87%
Luka Gouffaine
86%
Lila Rossi
85%
Alya Césaire
84%
Nathalie Sancœur
84%
Rose Lavillant
84%
Kagami Tsurugi
79%
Maître Wang Fu
79%
André
76%
Félix Fathom
76%
Sabrina Raincomprix
76%
Zoé Lee
76%
Alix Kudbel
75%
Juleka Couffaine
75%
Kim Chiến Lê
74%
Max Kanté
74%
Mylène Haprèle
73%
Le Dessinateur
71%
Jagged Stone
70%
André Bourgeois
69%
M. Pigeon
69%
Lady wifi
68%
Manon
68%
Ivan Bruel
67%
Pollen
67%
Le Hibou noir
65%
Nathaniel Kurtzberg
63%
Nooroo
63%
Prince Ali
63%
Climatika
62%
Zombizou
62%
Chronogirl
59%
Le Collectionneur
59%
Nadja Chamack
59%
Caline Bustier
58%
Roger Raincomprix
54%
Audrey Bourgeois
53%
M. Damoclès
53%
Horrificator
52%
Wayzz
51%
Princesse Fragrance
50%
Queen Banana
49%
Markov
45%
Gamer
42%
Mlle Mendeleiev
33%
Aucun quiz correspondant
Distribution des résultats
% des personnes avec chaque résultat
Percentile par nombre de réponses
Votre historique - résultats
Vous n’avez pas pris ce quiz